Datum a čas kvízu
23
Celkem bodů
Celkový počet nahraných bodů na tomto kvízu bez doplňovacích otázek.
3.
Pořadí na kvízu
Konečné umístění týmu na tomto kvízu.
Zaznamenané odpovědi
| # | Otázka | Odpověď | Body | Výsledky |
|---|---|---|---|---|
| 1. | Centrum pro výzkum veřejného m... | 1A 2C 3B 4D | 1 | |
| 2. | Zatímco porodní oddělení jisté... | Maine | 0 | |
| 3. | Čtvrté manželství amerického h... | Nicolas Cage | 1 | |
| 4. | Tři moravské pivovary přestan... | Litovel, Zubr, Holba | 1 | |
| 5. | Fotbalistům Colchesteru United... | hamburger | 0 | |
| 6. | Vaším úkolem bude uhodnout kře... | Jan / Stanislav Tříska | 0.5 | |
| 7. | Nejstarší muž z naší trojice b... | Otokar / Karel / Michal Březina | 0 | |
| 8. | Úspěšný kanadský režisér se na... | James / David Cameron | 0 | |
| 9. | Tento anglický herec, držitel... | Clive / Michael Owen | 0 | |
| 10. | Americký politik a aktivista,... | John / James / Melanie Brown | 0 |